| 000 | 00430nam a2200145Ia 4500 | ||
|---|---|---|---|
| 008 | 230312s9999||||xx |||||||||||||| ||und|| | ||
| 082 |
_a005.757 _bDAN |
||
| 100 | _aSebastian Danicic | ||
| 245 | 0 | _aIntroducttion to Java and object oriented programming | |
| 260 |
_bUniversity of London _aEngland _c2003 |
||
| 300 | _a180 | ||
| 546 | _aEng. | ||
| 650 |
_aComputer _vPackaging Programs, More About Variables |
||
| 942 | _cBK | ||
| 999 |
_c2906 _d2906 |
||